[Event "Gold Coast op"]
[Site "Gold Coast"]
[Date "2018.06.28"]
[Round "1"]
[White "Cheng, Bobby Sky"]
[Black "Tsai, Charles"]
[Result "1-0"]
[WhiteElo "2496"]
[BlackElo "1996"]
[PlyCount "67"]
[EventDate "2018.06.28"]
[EventType "swiss"]
[EventRounds "9"]
[EventCountry "AUS"]
[SourceTitle "CBM 185 Extra"]
[Source "ChessBase"]
[SourceDate "2018.07.29"]
[SourceVersion "1"]
[SourceVersionDate "2018.07.29"]
[SourceQuality "1"]

1. b3 d5 2. Bb2 Bf5 3. g3 Nd7 4. Bg2 Ngf6 5. d3 e6 6. Nd2 Be7 7. e4 dxe4 8. dxe4 Bg6 9. Qe2 c6 10. 0-0-0 Qc7 11. g4 0-0-0 12. h4 h5 13. g5 Ne8 14. Nh3 e5 15. Rhf1 f6 16. f4 Bf7 17. f5 a5 18. g6 Bg8 19. Nb1 Nd6 20. Rd2 a4 21. Ba3 Nb6 22. Rfd1 Kb8 23. Nf2 c5 24. Nc3 c4 25. b4 Ndc8 26. Rxd8 Bxd8 27. Nb5 Qe7 28. Qd2 Bc7 29. c3 Na7 30. Nxa7 Kxa7 31. Qe3 Kb8 32. Qc5 Qxc5 33. bxc5 Nc8 34. Rd7 1-0

[Event "AUS-ch Major"]
[Site "Cammeray"]
[Date "2018.01.06"]
[Round "6"]
[White "Tsai, Charles"]
[Black "Mallari, Donato"]
[Result "1/2-1/2"]
[WhiteElo "1963"]
[BlackElo "1986"]
[PlyCount "109"]
[EventDate "2018.01.02"]
[EventType "swiss"]
[EventRounds "11"]
[EventCountry "AUS"]
[SourceTitle "CBM 182 Extra"]
[Source "ChessBase"]
[SourceDate "2018.02.23"]
[SourceVersion "1"]
[SourceVersionDate "2018.02.23"]
[SourceQuality "1"]

1. d4 Nf6 2. Nf3 e6 3. Bg5 Be7 4. Nbd2 d5 5. e3 Ne4 6. Bxe7 Qxe7 7. c3 Nxd2 8. Nxd2 0-0 9. f4 b6 10. Nf3 Ba6 11. Bxa6 Nxa6 12. 0-0 c5 13. Qe2 Qb7 14. a4 Nc7 15. g4 Ne8 16. g5 Nd6 17. Rf2 c4 18. Nd2 Rac8 19. Re1 Qc6 20. Qd1 Rcd8 21. Qc2 Ne4 22. Nxe4 dxe4 23. f5 Qd5 24. Ref1 g6 25. fxg6 Qxg5+ 26. Kh1 hxg6 27. Qxe4 Qd5 28. Qxd5 Rxd5 29. b4 cxb3 30. Rb2 Ra5 31. Ra1 Rc8 32. Rxb3 Rc4 33. Rba3 e5 34. R1a2 f5 35. Kg2 Kf7 36. Kf3 g5 37. dxe5 Ke6 38. h3 Kxe5 39. Rg2 g4+ 40. hxg4 fxg4+ 41. Rxg4 Rxg4 42. Kxg4 b5 43. Kf3 Rxa4 44. Rb3 a6 45. Ke2 Kd5 46. Kd3 Rc4 47. Ra3 Rc6 48. Rb3 Re6 49. Rb4 Kc5 50. Rf4 a5 51. Rf5+ Kb6 52. e4 a4 53. c4 bxc4+ 54. Kxc4 Rxe4+ 55. Kc3 1/2-1/2

[Event "AUS-ch Major"]
[Site "Cammeray"]
[Date "2018.01.02"]
[Round "1"]
[White "Stokes, Mark"]
[Black "Tsai, Charles"]
[Result "0-1"]
[WhiteElo "1780"]
[BlackElo "1963"]
[PlyCount "54"]
[EventDate "2018.01.02"]
[EventType "swiss"]
[EventRounds "11"]
[EventCountry "AUS"]
[SourceTitle "CBM 182 Extra"]
[Source "ChessBase"]
[SourceDate "2018.02.23"]
[SourceVersion "1"]
[SourceVersionDate "2018.02.23"]
[SourceQuality "1"]

1. d4 Nf6 2. e3 g6 3. Bd3 Bg7 4. f4 d6 5. Nf3 c5 6. c3 0-0 7. 0-0 Nbd7 8. f5 e5 9. fxe6 fxe6 10. Ng5 Qe7 11. e4 e5 12. Bc4+ Kh8 13. Qb3 cxd4 14. Nf7+ Rxf7 15. Bxf7 Nc5 16. Qd1 Bg4 17. Qe1 Qxf7 18. cxd4 Nd3 19. Qh4 Be2 20. Rf2 Nxf2 21. Qxf2 Bd3 22. dxe5 dxe5 23. Nc3 Rf8 24. Bg5 Nxe4 25. Nxe4 Bxe4 26. Qe3 Bc6 27. Qxa7 Qd5 0-1

[Event "Oceania zt 3.6"]
[Site "Auckland"]
[Date "2017.01.19"]
[Round "8"]
[White "Ang, Alphaeus Wei Ern"]
[Black "Tsai, Charles"]
[Result "0-1"]
[WhiteElo "2271"]
[BlackElo "1908"]
[PlyCount "102"]
[EventDate "2017.01.14"]
[EventType "swiss"]
[EventRounds "9"]
[EventCountry "NZL"]
[SourceTitle "EXT 2018"]
[Source "ChessBase"]
[SourceDate "2017.10.13"]
[SourceVersion "1"]
[SourceVersionDate "2017.10.13"]
[SourceQuality "1"]

1. d4 Nf6 2. c4 e6 3. Nc3 Bb4 4. e3 0-0 5. Bd3 d5 6. Nf3 c5 7. 0-0 Nc6 8. cxd5 exd5 9. a3 Ba5 10. dxc5 Bxc3 11. bxc3 Bg4 12. c4 Ne5 13. cxd5 Bxf3 14. gxf3 Nxd5 15. Bb2 Nxe3 16. fxe3 Qxd3 17. Bd4 Qxd1 18. Raxd1 Nc6 19. Bc3 Rfd8 20. e4 f6 21. Kf2 Rxd1 22. Rxd1 Rd8 23. Rd5 Kf7 24. Ke3 g6 25. Kd3 Ke6 26. Kc4 a6 27. h3 f5 28. h4 h5 29. a4 f4 30. a5 Rd7 31. Rxd7 Kxd7 32. Kd5 g5 33. Bf6 g4 34. Bc3 g3 35. Be1 Nb4+ 36. Kc4 Nc2 37. Kd3 Nxe1+ 38. Ke2 Nc2 39. Kf1 Nd4 40. Kg2 Ke6 41. c6 Nxc6 42. Kg1 Nxa5 43. Kg2 Nc6 44. Kh3 a5 45. e5 Kxe5 46. Kg2 a4 47. Kh3 a3 48. Kg2 a2 49. Kh3 a1Q 50. Kg2 b5 51. Kh3 Qh1# 0-1

[Event "Australian op"]
[Site "Brisbane"]
[Date "2017.01.02"]
[Round "1"]
[White "Tsai, Charles"]
[Black "Adly, Ahmed"]
[Result "0-1"]
[WhiteElo "1908"]
[BlackElo "2597"]
[PlyCount "80"]
[EventDate "2017.01.02"]
[EventType "swiss"]
[EventRounds "11"]
[EventCountry "AUS"]
[SourceTitle "CBM 176 Extra"]
[Source "ChessBase"]
[SourceDate "2017.03.02"]
[SourceVersion "1"]
[SourceVersionDate "2017.03.02"]
[SourceQuality "1"]

1. Nf3 d5 2. d4 Nf6 3. c4 e6 4. cxd5 exd5 5. Qc2 Na6 6. a3 c6 7. Bg5 Qa5+ 8. Bd2 Qb6 9. Nc3 Bd6 10. Bg5 Be7 11. e3 Bf5 12. Qd2 Nb8 13. h3 Nbd7 14. Bf4 Ne4 15. Nxe4 Bxe4 16. Be2 Bf5 17. 0-0 Nf6 18. Ne5 0-0 19. f3 Nd7 20. Nxd7 Bxd7 21. Bd3 Rfe8 22. Rfe1 c5 23. dxc5 Bxc5 24. b4 Be7 25. Rac1 Bh4 26. Re2 Rac8 27. Kh1 g6 28. Rxc8 Rxc8 29. Qb2 Ba4 30. Bc2 Bb5 31. Rd2 Bf6 32. Qb1 Bc4 33. Bd3 Qe6 34. Re2 Qa6 35. Bxc4 dxc4 36. Qe4 c3 37. Rc2 Qb5 38. Bd6 Re8 39. Qf4 Re6 40. Bc5 Qf1+ 0-1

[Event "Adelaide Lidums YM"]
[Site "Adelaide"]
[Date "2016.12.06"]
[Round "3"]
[White "Tsai, Charles"]
[Black "Shin, Dongwoo"]
[Result "1-0"]
[WhiteElo "1918"]
[BlackElo "1303"]
[PlyCount "41"]
[EventDate "2016.12.05"]
[EventType "tourn"]
[EventRounds "9"]
[EventCountry "AUS"]
[SourceTitle "CBM 176 Extra"]
[Source "ChessBase"]
[SourceDate "2017.03.02"]
[SourceVersion "1"]
[SourceVersionDate "2017.03.02"]
[SourceQuality "1"]

1. e4 e5 2. Nf3 Nc6 3. Bb5 Bc5 4. c3 d6 5. h3 Nf6 6. 0-0 0-0 7. d3 h6 8. Re1 Re8 9. Nbd2 Bd7 10. Nf1 Ne7 11. Bxd7 Qxd7 12. Ng3 Bb6 13. Nh4 c6 14. Qf3 Ng6 15. Nhf5 Re6 16. Bd2 Nh7 17. Nh5 Bd8 18. Nfxg7 Nh4 19. Qg4 f5 20. Nxf5+ Bg5 21. Nxh4 1-0

[Event "Doeberl Cup 54th"]
[Site "Canberra"]
[Date "2016.03.24"]
[Round "1"]
[White "Chapman, Mark"]
[Black "Tsai, Charles"]
[Result "1-0"]
[WhiteElo "2397"]
[BlackElo "2016"]
[PlyCount "77"]
[EventDate "2016.03.24"]
[EventType "swiss"]
[EventRounds "9"]
[EventCountry "AUS"]
[SourceTitle "EXT 2018"]
[Source "ChessBase"]
[SourceDate "2017.10.13"]
[SourceVersion "1"]
[SourceVersionDate "2017.10.13"]
[SourceQuality "1"]

1. e4 e6 2. d4 d5 3. Nc3 Nf6 4. e5 Nfd7 5. f4 c5 6. Nf3 Nc6 7. Be3 cxd4 8. Nxd4 Bc5 9. Qd2 0-0 10. 0-0-0 Qe7 11. h4 a6 12. Rh3 Nxd4 13. Bxd4 b5 14. h5 b4 15. Na4 a5 16. Bb5 Bxd4 17. Qxd4 Rb8 18. Bd3 Bb7 19. b3 Bc6 20. Nb2 Nc5 21. Rg3 Bb5 22. f5 exf5 23. Bxf5 Ne6 24. Qe3 Qh4 25. h6 g6 26. Kb1 d4 27. Qf2 Qxh6 28. Bxe6 fxe6 29. Qxd4 Rbd8 30. Qxd8 Rxd8 31. Rxd8+ Kf7 32. Rh3 Qg7 33. Nc4 Ke7 34. Rc8 Bd7 35. Rc7 Kd8 36. Rb7 Kc8 37. Nd6+ Kd8 38. Rf3 Qg8 39. Rb8+ 1-0

[Event "Australian op"]
[Site "Sydney"]
[Date "2015.01.02"]
[Round "1"]
[White "Papin, Vasily"]
[Black "Tsai, Charles"]
[Result "1-0"]
[WhiteElo "2513"]
[BlackElo "1922"]
[PlyCount "103"]
[EventDate "2015.01.02"]
[EventType "swiss"]
[EventRounds "11"]
[EventCountry "AUS"]
[SourceTitle "CBM 164 Extra"]
[Source "ChessBase"]
[SourceDate "2015.03.02"]
[SourceVersion "1"]
[SourceVersionDate "2015.03.02"]
[SourceQuality "1"]

1. c4 e6 2. g3 d5 3. Bg2 Nf6 4. Nf3 Nbd7 5. b3 Be7 6. Bb2 0-0 7. 0-0 b6 8. Nc3 Bb7 9. e3 c5 10. Qe2 Rc8 11. Rfd1 Qc7 12. Nh4 Rfe8 13. cxd5 Nxd5 14. Nf5 Nxc3 15. Nxe7+ Rxe7 16. Bxc3 Bxg2 17. Kxg2 e5 18. d3 f5 19. Qf3 g6 20. Rac1 Qc6 21. Qxc6 Rxc6 22. Kf3 Kf7 23. Ke2 Nf6 24. Bb2 Ke6 25. a3 Rd6 26. f4 exf4 27. gxf4 Kf7 28. Be5 Rde6 29. d4 cxd4 30. Bxd4 Re4 31. Kf3 Ng4 32. h3 Nxe3 33. Rd3 Nd5 34. Be5 Nf6 35. Rc6 Ne8 36. Rd1 g5 37. Rh6 Kf8 38. Rh5 h6 39. Rxh6 gxf4 40. Bxf4 Kf7 41. Rd5 Ng7 42. Bg5 R7e6 43. Rd7+ Kg8 44. Rxa7 Rxh6 45. Bxh6 Ne8 46. Be3 b5 47. Rb7 Nd6 48. Rb6 Nf7 49. Rxb5 Ne5+ 50. Kf2 Kf7 51. Rd5 Ke6 52. Rd4 1-0

[Event "AUS-ch U16"]
[Site "Wahroonga"]
[Date "2014.01.17"]
[Round "7"]
[White "Jiang, Vincent"]
[Black "Tsai, Charles"]
[Result "0-1"]
[WhiteElo "1578"]
[BlackElo "1558"]
[PlyCount "82"]
[EventDate "2014.01.11"]
[EventType "swiss"]
[EventRounds "9"]
[EventCountry "AUS"]
[SourceTitle "EXT 2020"]
[Source "ChessBase"]
[SourceDate "2019.10.17"]
[SourceVersion "1"]
[SourceVersionDate "2019.10.17"]
[SourceQuality "1"]

1. e4 e6 2. d4 d5 3. Nd2 Nf6 4. e5 Nfd7 5. Bd3 c5 6. c3 Nc6 7. Ne2 cxd4 8. cxd4 f6 9. exf6 Nxf6 10. Nf3 Bd6 11. 0-0 0-0 12. Bf4 Bxf4 13. Nxf4 Qd6 14. Ne2 Bd7 15. a3 Be8 16. Ng3 h6 17. Rc1 a6 18. Qd2 Nh5 19. Ne2 Nf4 20. Nxf4 Qxf4 21. Qe3 Rf6 22. Rfd1 Bh5 23. Be2 Raf8 24. Rc2 Qf5 25. Bd3 Qf4 26. Be2 Rg6 27. Ne1 Bxe2 28. Rxe2 Qg4 29. g3 Na5 30. Rc1 Nc4 31. Qd3 Rgf6 32. Ng2 Rf3 33. Ne3 Nxe3 34. fxe3 h5 35. Rg2 Qg5 36. Re1 Qf6 37. Qe2 Qf5 38. Rc1 Qe4 39. Rc3 Rf1+ 40. Qxf1 Rxf1+ 41. Kxf1 Qb1+ 0-1